Curs de Knosys : febrer-abril de 2001 febrer-abril de 2001
Descripción Física:
47, 3 p. ; 30 cm
Colección:
Pla de formació
MARC
| LEADER | 00000nam a2200000Ia 4500 | ||
|---|---|---|---|
| 001 | 13060 | ||
| 008 | 160829s2001 xx 000 0 cat d | ||
| 080 | |a C-2-186 | ||
| 245 | |a Curs de Knosys : |b febrer-abril de 2001 | ||
| 260 | |a [Barcelona] : |b Diputació de Barcelona, Servei de Planificació de Recursos Humans, |c 2001 | ||
| 300 | |a 47, 3 p. ; |c 30 cm | ||
| 490 | |a Pla de formació | ||
| 590 | |a Informació extreta de la coberta. A l'interior : Guia del programa Knosys per a Windows . | ||
| 590 | |a Curs preparat per Micronet i impartit per Andreu Sulé Duesa amb la col·laboració de Francesc Fígols | ||
| 630 | 0 | 0 | |a Knosys (Fitxer informàtic) |9 55522 |
| 650 | |a Bases de dades |9 33355 | ||
| 700 | |a Sulé Duesa, Andreu |9 33357 | ||
| 700 | 1 | |a Fígols, Francesc |9 33358 | |
| 700 | |a Micronet |9 33359 | ||
| 710 | |a Barcelona. |b Diputació. |b Servei de Planificació de Recursos Humans |9 14871 | ||
| 901 | |a Arxiu | ||
| 942 | |n 1 | ||
| 952 | |0 0 |1 0 |4 0 |6 C2186 |7 1 |9 46275 |a Arxiu |b Arxiu |d 2016-12-01 |l 0 |o C-2-186 |p 13060 |r 2016-12-01 00:00:00 |w 2016-12-01 |y ARXIU | ||
| 999 | |c 49777 |d 49777 | ||